000 02268cam a22004574i 4500
003 PE-LiUPU
005 20250731172828.0
008 150617s1985 miu r 000 0 eng d
020 _a0825437504
035 _a(Sirsi) i9780825437502
040 _aPE-LiUPU
_bspa
_cPE-LiUPU
_erda
049 _aPRUA
082 0 4 _a291.35
_bS66
_221
100 1 _aSoltau, Henry W.,
_d1805-1875
_qHenry William,
_eautor.
245 1 4 _aThe tabernacle :
_bthe priesthood and the offerings /
_cHenry W. Soltau.
264 1 _aMichigan :
_bKregel Publications,
_c1985.
300 _a474 páginas ;
_c21 centímetros
336 _atext
_2rdacontent
337 _aunmediated
_2rdamedia
338 _avolume
_2rdacarrier
505 0 _aThe tabernacle: division of the tribe of Levi -- The vail -- the colours -- The riband of blue -- Rent vail -- The pillars of the Vail -- The curtains of the tabernacle -- The loops and taches -- The curtains of goats' skins -- The priestiiood: The service of the priests -- The priests -- The garments for glory and beauty -- The ephod -- The ephod girdle -- Onyx stones, ouches and chains -- The breastplate. The sardius -- The topaz -- The carbuncle -- The emerald -- The sapphire -- The diamond -- The ligure -- The agate -- The amethyst -- The beryl -- The onyx -- The jasper -- The memorial -- The offerings: the bullock for a sin-offering -- The ram for the burnt-offering -- The ram of consecrations -- The food of the priests -- The eighth day service.
526 _aSEG42
526 _aSEG41
526 _aSEG40
526 _aSEG39
526 _aP94
526 _aP87
526 _aP86
526 _aP85
526 _aP77
526 _aP76
526 _aP35
650 0 4 _aTabernáculo.
_94245
910 _ajck
_bjvq
_cjck
_d20150616
942 _2ddc
_cBOOK
949 _a291.35 S66
_wDEWEY
_c1
_i30598
_d2016-6-22
_e2016-6-14
_lCCODEBUL1
_mBUL
_n2
_r0
_sY
_tBOOK
_u2015-6-17
_xTEOLOGIA
_PP35
_0COMPRA
_o.STAFF. Colección Teología
994 _aC0
_bPEPRU
596 _a1
999 _a291.35 S66
_wDEWEY
_c5747
_i30598
_d5747
_e2016-6-14
_f2021-11-11
_g5
_lCCODEBUL1
_mBUL
_n2
_p18.00
_q1
_r0
_sY
_tBOOK
_u2015-6-17
_xTEOLOGIA
_PP35
_0COMPRA
_o.STAFF. Colección Teología
980 _81
_gALBERTO SANCHEZ Responsable de Automatización